Konstrukce předpovědí extrapolací časových řad

Salvato in:
Dettagli Bibliografici
Autore principale: Schnierl, Zdeněk
Altri autori: Kolátor, Petr
Natura: Libro
Lingua:ceco
Pubblicazione: Praha Svépomoc 1987
Edizione:1. vyd.
Tags: Aggiungi Tag
Nessun Tag, puoi essere il primo ad aggiungerne!!

MARC

LEADER 00000nam a2200000 4500
001 c028342
005 20221219102850.2
041 0 |a cze 
044 |a CZ 
245 1 0 |a Konstrukce předpovědí extrapolací časových řad  |c Zdeněk Schnierl, Petr Kolátor 
250 |a 1. vyd. 
264 1 |a Praha  |b Svépomoc  |c 1987 
300 |a 141 s. 
100 1 |a Schnierl, Zdeněk 
700 1 |a Kolátor, Petr